000 00669nam a2200229 4500
003 OSt
005 20240708062920.0
006 a
008 240708b |||||||| |||| 00| 0 eng d
020 _a9812324887
040 _aDWCL-Main lib.
_cOC
082 _2Second edition
_aCirc. 946 K79s 2003
100 _aKohen, Elizabeth
245 _aSpain /
260 _aSingapore :
_bTimes Books International,
_cc2003.
300 _b144 p. : col. ill. ;
_c23 cm.
490 _3Cultures of the World
504 _aIncludes bibliographical references and index.
650 _a1. Spain.
650 _a2. Spain-Social life and customs.
942 _2ddc
_n0
_cBK-CIRC
_kCirc.
999 _c2102
_d2102